| 000 | 00000nam##2200000za#4500 |
| 001 | 9.625262 |
| 003 | CaOODSP |
| 005 | 20220808101246 |
| 007 | ta |
| 008 | 150406|2000||||xxc||||| f|0| 0 fre|d |
| 020 | |a0-662-84418-1 |
| 040 | |aCaOODSP|bfre |
| 043 | |an-cn--- |
| 086 | 1 |aEn40-215/50F |
| 110 | 1 |aCanada. |bEnvironnement Canada. |
| 245 | 10|aAcétaldéhyde |
| 260 | |aOttawa - Ontario : |bEnvironnement Canada |c2000. |
| 300 | |avi, 66p. : |bgraphiques, références, tableaux ; |c28 cm. |
| 490 | 1 |aListe des substances d'intérêt prioritaire: rapport d'évaluation |
| 500 | |a«L'acétaldéhyde pénètre dans l'environnement canadien à partir de sources naturelles (y compris les feux de forêt et de broussailles), de sources anthropiques comme la combustion des carburants et les rejets industriels, et par la formation secondaire découlant de l'oxydation atmosphérique des composés organiques naturels et anthropiques. Il n'existe pas d'estimations quantitatives des rejets de cette substance à partir de sources naturelles et secondaires au Canada, même si on croit qu'ils sont très importants.»--Synopsis. |
| 520 | 3 |aL'acétaldéhyde pénètre dans l'environnement canadien à partir de sources naturelles (y compris les feux de forêt et de broussailles), de sources anthropiques comme la combustion des carburants et les rejets industriels, et par la formation secondaire découlant de l'oxydation atmosphérique des composés organiques naturels et anthropiques. Il n'existe pas d'estimations quantitatives des rejets de cette substance à partir de sources naturelles et secondaires au Canada, même si on croit qu'ils sont très importants.--Synopsis |
| 563 | |aReliure à spirale |
| 590 | |a00-25|b2000-06-23 |
| 691 | 07|aProduit toxique|2gcpds |
| 691 | 07|aToxicologie|2gcpds |
| 691 | 07|aÉvaluation environnementale|2gcpds |
| 776 | 0#|tAcétaldehyde / |w(CaOODSP)9.590722 |
| 830 | #0|aListe des substances d'intérêt prioritaire, rapport d'évaluation.|w(CaOODSP)9.512966 |